| 000 | 01156nmc a2200397 a 4500 | ||
|---|---|---|---|
| 003 | AR-BaBNM | ||
| 005 | 20251128211813.0 | ||
| 008 | 026020s2004 ||||||||||||||000 | spa|| | ||
| 020 | _a950-12-6143-3 | ||
| 040 | _cAR-BaBNM | ||
| 245 | 1 | 0 |
_aEl agua _bsaberes escolares y perspectiva científica |
| 250 | _a1ª ed. | ||
| 260 |
_aBuenos Aires _bPaidós _c2004 |
||
| 300 | 0 | _a331 p. | |
| 490 | 0 |
_aCuestiones de educación _v43 |
|
| 504 | _aContiene referencias bibliográficas al final de cada capítulo | ||
| 650 | 4 | _aDIDACTICA | |
| 650 | 4 | _aAPRENDIZAJE ESCOLAR | |
| 650 | 4 | _aACTIVIDADES DE LA CLASE | |
| 650 | 4 | _aAGUA | |
| 653 | 0 | _aENSENANZA DE LAS CIENCIAS NATURALES | |
| 653 | 0 | _aCONOCIMIENTO CIENTIFICO | |
| 653 | 0 | _aPROYECTOS CURRICULARES | |
| 700 | 1 |
_aLacreu, Laura _ecompilador |
|
| 700 | 1 | _aKauderer, Mirta | |
| 700 | 1 | _aWeissmann, Hilda | |
| 700 | 1 | _aMolinero, Valeria | |
| 700 | 1 | _aBonetto, Carlos A. | |
| 700 | 1 | _aSerafini, Claudia | |
| 700 | 1 | _aLacreu, Héctor Luis | |
| 700 | 1 | _aAljanati, David Jorge | |
| 800 | 1 | _aDelgadillo, María Carmen | |
| 800 | 1 | _aAlen, Beatriz | |
| 942 | _cBK | ||
| 998 | _cme-solo cat | ||
| 999 |
_c21191 _d21191 |
||